Statistics for Biggest Countries In The World

Click here to take the quiz!

General Stats

  • This quiz has been taken 43 times
  • The average score is 14 of 15

Answer Stats

Country% Correct
5.Brazil
100%
2.Canada
100%
4.China
100%
7.India
100%
1.Russia
100%
3.United States
100%
6.Australia
97%
8.Argentina
95%
13.Mexico
92%
10.Algeria
89%
14.Indonesia
89%
11.D. R. Congo
87%
12.Saudi Arabia
82%
15.Sudan
82%
9.Kazakhstan
79%

Score Distribution

Percentile by Number Answered

Percent of People with Each Score

Your Score History

You have not taken this quiz